| 000 | 00719nam a22001697a 4500 | ||
|---|---|---|---|
| 003 | BD-ChCU | ||
| 005 | 20251228100848.0 | ||
| 008 | 251228b bg ||||| |||| 00| 0 ben d | ||
| 040 | _cBD-ChCU | ||
| 082 |
_222 _a৮১৩.০১৮ আলী ৯ কা |
||
| 100 |
_aআলীম, ফেরদৌস আরা _918363 |
||
| 245 |
_aকালো জল সাদা ফেনা / _c _bফেরদৌস আরা আলীম |
||
| 260 |
_aচট্টগ্রাম : _bমধুর প্রকাশন, _cc১৯৯০ |
||
| 300 |
_a১০২পৃ. : _c২২ সেমি |
||
| 650 | 0 |
_aবাংলা ছোটগল্প - আধুনিক যুগ ছোটগল্প _918365 |
|
| 942 |
_2ddc _cBK _n0 |
||
| 999 |
_c110566 _d110566 |
||